[Event "52nd Groningen Open"]
[Site "Groningen NED"]
[Date "2014.12.30"]
[Round "9.5"]
[White "Rakhmanov, Aleksandr"]
[Black "Vocaturo, Daniele"]
[Result "1-0"]
[WhiteTitle "GM"]
[BlackTitle "GM"]
[WhiteElo "2647"]
[BlackElo "2590"]
[WhiteFideId "4173708"]
[BlackFideId "813192"]
[EventDate "2014.12.21"]

1. c4 g6 2. h4 Nf6 3. b3 Bg7 4. Bb2 O-O 5. e3 d5 6. Nh3 Bg4 7. Be2 Bxe2 8. Qxe2
Nc6 9. d4 e5 10. dxe5 Ne4 11. Nc3 Nxc3 12. Bxc3 dxc4 13. f4 cxb3 14. Ng5 Qd5 15.
Rd1 Qc5 16. Ne4 Qa3 17. axb3 Qxb3 18. h5 Rfd8 19. h6 Rxd1+ 20. Qxd1 Qc4 21. Qf3
Bf8 22. Kf2 Be7 23. f5 Qb5 24. Qf4 Nb4 25. Bxb4 Qxb4 26. Rd1 Kh8 27. f6 Bf8 28.
Rd7 Qb3 29. Ng5 Bxh6 30. Nxf7+ Qxf7 31. Rxf7 Bxf4 32. exf4 a5 33. e6 1-0

[Event "52nd Groningen Open"]
[Site "Groningen NED"]
[Date "2014.12.30"]
[Round "9.6"]
[White "Azaladze, Shota"]
[Black "Baghdasaryan, Vahe"]
[Result "1/2-1/2"]
[WhiteTitle "IM"]
[BlackTitle "IM"]
[WhiteElo "2499"]
[BlackElo "2368"]
[WhiteFideId "13603027"]
[BlackFideId "13303139"]
[EventDate "2014.12.21"]

1. g3 e5 2. Bg2 d6 3. c4 Nc6 4. Nc3 g6 5. e3 Bg7 6. Nge2 Be6 7. Nd5 Qd7 8. h3
Nd8 9. b3 c6 10. Ndc3 f5 11. d4 e4 12. Ba3 Ne7 13. Nf4 Bf7 14. g4 Ne6 15. Nce2
Nxf4 16. Nxf4 g5 17. Ne2 Bg6 18. gxf5 Nxf5 19. Nc3 O-O 20. Bxe4 Rae8 21. Qg4 Qe7
22. Bxf5 Bxf5 23. Qe2 Bxd4 24. Qd2 Qe5 25. Bb2 Bxe3 26. fxe3 Qg3+ 27. Kd1 Qf3+
28. Qe2 Qxh1+ 29. Kd2 Qxh3 30. Rg1 h6 31. Nd1 Bg6 32. Kc1 Qf5 1/2-1/2

[Event "52nd Groningen Open"]
[Site "Groningen NED"]
[Date "2014.12.30"]
[Round "9.8"]
[White "Koop, Thorben"]
[Black "Ma, Qun"]
[Result "0-1"]
[WhiteTitle "FM"]
[BlackTitle "GM"]
[WhiteElo "2396"]
[BlackElo "2621"]
[WhiteFideId "24661619"]
[BlackFideId "8603154"]
[EventDate "2014.12.21"]

1. b3 e5 2. Bb2 Nc6 3. e3 g6 4. Bb5 Nge7 5. f4 Bg7 6. Nf3 d6 7. O-O O-O 8. fxe5
dxe5 9. Nc3 h6 10. Ba3 Re8 11. e4 a6 12. Bxe7 Qxe7 13. Bc4 Na5 14. Nxe5 Qxe5 15.
Bxf7+ Kh8 16. Bxg6 Rd8 17. Kh1 Qg5 18. Bf5 Qxd2 19. Nd5 Qg5 20. Qe1 Bxa1 21.
Qxa1+ Qg7 22. Qc1 Nc6 23. Nxc7 Rg8 24. g4 Rb8 25. Rf3 Ne5 26. Rg3 Qg5 27. Qa1
Bxf5 28. Qxe5+ Qg7 29. Qxf5 Qxc7 30. g5 Rbf8 31. Qe6 Qg7 32. gxh6 Qa1+ 0-1

[Event "52nd Groningen Open"]
[Site "Groningen NED"]
[Date "2014.12.30"]
[Round "9.9"]
[White "Bulmaga, Irina"]
[Black "Ernst, Sipke"]
[Result "1/2-1/2"]
[WhiteTitle "IM"]
[BlackTitle "GM"]
[WhiteElo "2392"]
[BlackElo "2553"]
[WhiteFideId "13903063"]
[BlackFideId "1004689"]
[EventDate "2014.12.21"]

1. e4 e5 2. Nf3 Nc6 3. Nc3 Nf6 4. Bb5 Bb4 5. O-O d6 6. d3 O-O 7. Ne2 Ne7 8. Ng3
Ng6 9. c3 Bc5 10. d4 Bb6 11. h3 h6 12. Re1 c6 13. Bf1 Re8 14. Bd2 Be6 15. Qc2
Qc7 16. dxe5 dxe5 17. c4 c5 18. Rad1 Ne7 19. Qc1 Kh7 20. Nxe5 Ba5 21. Bxa5 Qxa5
22. f4 Rad8 23. Nf3 Qxa2 24. f5 Bc8 25. e5 Nfg8 26. Bd3 f6 27. e6 Qb3 28. Be4 b6
29. Nf1 b5 30. N1d2 Qb4 31. cxb5 Qxb5 32. Nc4 Qb8 33. Qc2 Kh8 34. Rxd8 Rxd8 35.
Rd1 Rxd1+ 36. Qxd1 g6 37. Qe2 gxf5 38. Bd3 1/2-1/2

[Event "52nd Groningen Open"]
[Site "Groningen NED"]
[Date "2014.12.30"]
[Round "9.10"]
[White "Werle, Jan"]
[Black "Chu, Wei Chao"]
[Result "1/2-1/2"]
[WhiteTitle "GM"]
[BlackTitle "IM"]
[WhiteElo "2531"]
[BlackElo "2361"]
[WhiteFideId "1006088"]
[BlackFideId "8605661"]
[EventDate "2014.12.21"]

1. d4 Nf6 2. c4 g6 3. Nf3 Bg7 4. g3 O-O 5. Bg2 d6 6. O-O Nc6 7. Nc3 Rb8 8. Qd3
Bf5 9. e4 Bg4 10. Be3 Qc8 11. a3 Bxf3 12. Bxf3 Ng4 13. Bxg4 Qxg4 14. f3 Qh3 15.
Ne2 a6 16. Rac1 h5 17. f4 h4 18. Rf3 e5 19. fxe5 dxe5 20. d5 Nd4 21. Nxd4 exd4
22. Bxd4 Bxd4+ 23. Qxd4 hxg3 24. hxg3 Rbe8 25. e5 Re7 26. Re1 f6 27. e6 Rh7 28.
Kf2 Qh2+ 29. Ke3 Qc2 30. Qc3 Qg2 31. Qd2 Qh3 32. Kd3 f5 33. Kc2 Qg4 34. Qf4 Rh2+
35. Kb3 Qxf4 36. gxf4 Kg7 37. c5 Rd2 38. Kc4 Rc8 39. b4 b5+ 40. cxb6 cxb6+ 41.
Kb3 Rxd5 42. Rc3 Rxc3+ 43. Kxc3 Rd8 44. e7 Re8 45. Re6 b5 46. Kd4 Kf7 47. Rxa6
Rxe7 48. Kc5 Re4 49. a4 Rc4+ 50. Kxb5 Rxf4 51. a5 Rf1 52. Ra7+ Kf6 53. Ra8 g5
54. a6 Ra1 55. Kc4 g4 56. b5 g3 57. Rf8+ Ke5 58. Rg8 f4 59. Kc5 Ke4 60. Kb6 Kf3
61. Ka7 g2 62. b6 g1=Q 63. Rxg1 Rxg1 64. b7 Rb1 65. b8=Q Rxb8 66. Kxb8 Ke2 67.
a7 f3 68. a8=Q f2 69. Qe4+ Kf1 70. Kc7 Kg1 71. Qg4+ Kh1 72. Qf3+ Kg1 73. Qg3+
Kh1 74. Qxf2 1/2-1/2

[Event "52nd Groningen Open"]
[Site "Groningen NED"]
[Date "2014.12.30"]
[Round "9.11"]
[White "Hovhannisyan, Mher"]
[Black "Berkovich, Mark A"]
[Result "1-0"]
[WhiteTitle "IM"]
[BlackTitle "IM"]
[WhiteElo "2511"]
[BlackElo "2362"]
[WhiteFideId "13300865"]
[BlackFideId "2801639"]
[EventDate "2014.12.21"]

1. e4 c5 2. c3 d5 3. exd5 Qxd5 4. d4 Nf6 5. Nf3 e6 6. Be2 Be7 7. O-O O-O 8. c4
Qd7 9. dxc5 Qxd1 10. Rxd1 Ne4 11. Be3 Nc6 12. Nbd2 Nxc5 13. Nd4 Na4 14. Nxc6
bxc6 15. b3 Nc3 16. Re1 Nxe2+ 17. Rxe2 e5 18. Ne4 Rd8 19. Bc5 Bxc5 20. Nxc5 f6 1-0

[Event "52nd Groningen Open"]
[Site "Groningen NED"]
[Date "2014.12.30"]
[Round "9.12"]
[White "Svane, Rasmus"]
[Black "Pijpers, Arthur"]
[Result "1-0"]
[WhiteTitle "IM"]
[WhiteElo "2507"]
[BlackElo "2355"]
[WhiteFideId "4657101"]
[BlackFideId "1019554"]
[EventDate "2014.12.21"]

1. e4 e6 2. d4 d5 3. Nd2 Be7 4. Bd3 c5 5. dxc5 Nf6 6. Qe2 O-O 7. Ngf3 a5 8. O-O
Na6 9. e5 Nd7 10. c4 Ndxc5 11. Bb1 Nb4 12. Nb3 b6 13. Nxc5 bxc5 14. a3 Nc6 15.
Rd1 g6 16. Qe3 d4 17. Qh6 Qc7 18. Bf4 Rb8 19. Re1 Rxb2 20. Be4 Nd8 21. h4 Bb7
22. h5 Bxe4 23. Rxe4 Qb7 24. Ng5 Bxg5 25. Bxg5 Rxf2 26. Rg4 f5 27. exf6 R8xf6
28. Bxf6 Rxf6 29. hxg6 Rxg6 30. Rxg6+ hxg6 31. Qxg6+ Qg7 32. Qe8+ Qf8 33. Qg6+
Qg7 34. Qe8+ Qf8 35. Qd7 e5 36. Rf1 Nf7 37. Rf3 1-0

[Event "52nd Groningen Open"]
[Site "Groningen NED"]
[Date "2014.12.30"]
[Round "9.13"]
[White "Dobrov, Vladimir"]
[Black "Van Foreest, Lucas"]
[Result "1-0"]
[WhiteTitle "GM"]
[WhiteElo "2495"]
[BlackElo "2319"]
[WhiteFideId "4136594"]
[BlackFideId "1039792"]
[EventDate "2014.12.21"]

1. d4 Nf6 2. Bg5 d5 3. Nd2 c5 4. Bxf6 gxf6 5. dxc5 e5 6. e4 Bxc5 7. exd5 Qxd5 8.
Nb3 Qxd1+ 9. Rxd1 Be7 10. g3 Bd7 11. Bg2 Nc6 12. Bh3 f5 13. Ne2 O-O-O 14. f4 e4
15. Rxd7 Kxd7 16. Bxf5+ Kc7 17. Bxe4 h6 18. Kf2 Rhe8 19. c3 b6 20. Kf3 Bc5 21.
Rc1 Rd6 22. Rc2 a6 23. a3 a5 24. a4 Rde6 25. Nxc5 bxc5 26. Bd5 R6e7 27. Nc1 Rd8
28. Bc4 Rd1 29. Nb3 Kb6 30. Be2 Rd8 31. Nd2 Kc7 32. Nc4 Re6 33. Kg4 Rg6+ 34. Kh3
Re6 35. Bf3 Rd3 36. Be2 Rd8 37. Bf3 Rb8 38. Bd5 Rf6 39. Re2 Rd8 40. Bxc6 Rxc6
41. Re7+ Kc8 42. Rxf7 Re6 43. Rf5 Rc6 44. Nxa5 Rc7 45. Nc4 Kb8 46. Rf6 h5 47.
Kh4 Re7 48. Rf5 Re2 49. h3 Rd1 50. Rxc5 Rh2 51. Rxh5 Rdh1 52. Kg4 Rg1 53. Rg5 1-0

[Event "52nd Groningen Open"]
[Site "Groningen NED"]
[Date "2014.12.30"]
[Round "9.14"]
[White "Beerdsen, Thomas"]
[Black "Wan, Yunguo"]
[Result "0-1"]
[WhiteTitle "FM"]
[BlackTitle "IM"]
[WhiteElo "2314"]
[BlackElo "2482"]
[WhiteFideId "1030108"]
[BlackFideId "8603189"]
[EventDate "2014.12.21"]

1. e4 c5 2. Nf3 Nc6 3. d4 cxd4 4. Nxd4 Nf6 5. Nc3 e5 6. Ndb5 d6 7. Bg5 a6 8. Na3
b5 9. Nd5 Be7 10. Bxf6 Bxf6 11. c3 O-O 12. g3 Bg5 13. Bg2 Be6 14. O-O Ne7 15.
Nxe7+ Qxe7 16. Nc2 a5 17. f4 exf4 18. gxf4 Bf6 19. Nd4 Ra6 20. a4 b4 21. Qd3 Rb6
22. c4 b3 23. Rac1 Rc8 24. Nxe6 fxe6 25. Bh3 Rc5 26. Qe2 Rb4 27. Rf3 g6 28. Qd1
Rbxc4 29. Rxc4 Rxc4 30. e5 dxe5 31. fxe5 Qc5+ 32. Kg2 Rc2+ 33. Kg3 Bxe5+ 34. Kh4
Qe7+ 35. Kg4 h5# 0-1

[Event "52nd Groningen Open"]
[Site "Groningen NED"]
[Date "2014.12.30"]
[Round "9.15"]
[White "Biolek, Richard Jr."]
[Black "Dijkhuis, Tycho"]
[Result "1-0"]
[WhiteTitle "IM"]
[BlackTitle "FM"]
[WhiteElo "2446"]
[BlackElo "2317"]
[WhiteFideId "319996"]
[BlackFideId "1036564"]
[EventDate "2014.12.21"]

1. d4 Nf6 2. c4 c5 3. d5 e6 4. Nc3 exd5 5. cxd5 d6 6. e4 g6 7. f4 Bg7 8. e5 Nfd7
9. Ne4 dxe5 10. Nd6+ Ke7 11. Nxc8+ Qxc8 12. Nf3 Rd8 13. Bc4 Nb6 14. Qb3 e4 15.
Ne5 f6 16. O-O fxe5 17. fxe5 Bxe5 18. Bf4 N8d7 19. d6+ Kxd6 20. Rad1+ Kc7 21.
Be6 Bxf4 22. Rxf4 Kb8 23. Rf7 a6 24. a4 c4 25. Qe3 Qc6 26. a5 Na4 27. Rdxd7 Rxd7
28. Rf8+ Kc7 29. Bxd7 Qc5 30. Qxc5+ Nxc5 31. Rxa8 Kxd7 32. Kf2 Nd3+ 33. Ke3 Nxb2
34. Kd4 Kc6 35. Kc3 Nd1+ 36. Kxc4 Ne3+ 37. Kd4 Nxg2 38. Kxe4 Kb5 39. Rb8 Kxa5
40. Rxb7 h5 41. Rb2 Nh4 42. Kf4 Ka4 43. Ra2+ Kb3 44. Rxa6 g5+ 45. Kg3 Nf5+ 46.
Kf2 Kc4 47. Rg6 g4 48. Rg5 Nd6 49. Rxh5 Kd4 50. Kg3 Ne4+ 51. Kf4 Nf2 52. Rg5 1-0

[Event "52nd Groningen Open"]
[Site "Groningen NED"]
[Date "2014.12.30"]
[Round "9.16"]
[White "Lyell, Mark"]
[Black "Nakar, Eylon"]
[Result "0-1"]
[WhiteTitle "FM"]
[BlackTitle "IM"]
[WhiteElo "2236"]
[BlackElo "2419"]
[WhiteFideId "402354"]
[BlackFideId "2811111"]
[EventDate "2014.12.21"]

1. e4 c5 2. Nc3 d6 3. f4 g6 4. Nf3 Bg7 5. Bc4 Nc6 6. O-O e6 7. d3 Nge7 8. Qe1
O-O 9. Bb3 Na5 10. Be3 b6 11. Bf2 d5 12. Bh4 d4 13. Ne2 Qc7 14. Ng3 f6 15. Nd2
Nec6 16. Ne2 Nxb3 17. axb3 f5 18. c3 Bb7 19. e5 Rf7 20. cxd4 cxd4 21. Nf3 Qd7
22. b4 Bf8 23. b5 Nb4 24. Qd2 Bc5 25. Kh1 Qxb5 26. Nexd4 Qd7 27. Nb3 Bf8 28. Ng5
Rg7 29. Rfd1 Qd5 30. Nc1 Rc7 31. Qf2 Rc2 32. Rd2 Rac8 33. Rxc2 Rxc2 0-1

[Event "52nd Groningen Open"]
[Site "Groningen NED"]
[Date "2014.12.30"]
[Round "9.17"]
[White "Brandenburg, Daan"]
[Black "Wempe, Joost"]
[Result "0-1"]
[WhiteTitle "GM"]
[WhiteElo "2530"]
[BlackElo "2262"]
[WhiteFideId "1011014"]
[BlackFideId "1005502"]
[EventDate "2014.12.21"]

1. e4 e6 2. d4 d5 3. Nd2 Nf6 4. e5 Nfd7 5. c3 c5 6. Bd3 Nc6 7. Ne2 cxd4 8. cxd4
f6 9. exf6 Nxf6 10. O-O Bd6 11. Nf3 Qc7 12. Bd2 O-O 13. Rc1 Bd7 14. Ng3 Qb6 15.
Bc3 Bf4 16. Rc2 Nb4 17. Bxb4 Qxb4 18. Ne2 Bd6 19. Nc3 a5 20. a3 Qb3 21. Re1 Rac8
22. h3 Rc7 23. Qd2 Rfc8 24. Rec1 g6 25. Qh6 Bf8 26. Qe3 Nh5 27. g4 Nf6 28. Qf4
Be7 29. Ne5 Be8 30. g5 Nh5 31. Qg4 Qb6 32. h4 Ng7 33. Qf4 Nh5 34. Qe3 Bf8 35.
Ng4 Bd7 36. Be2 Qd6 37. Ne5 Ba4 38. Bxh5 Bxc2 39. Rxc2 gxh5 40. Nb5 Qe7 41. Nxc7
Rxc7 42. Rxc7 Qxc7 43. Nd3 Qf7 44. Nf4 Bd6 45. Nxe6 Qf5 46. Nc5 Kf7 47. Nd3 Qg4+
48. Kf1 Qxh4 49. Qf3+ Ke6 50. Qf6+ Kd7 51. Qf5+ Kc6 52. Qc8+ Kb6 53. Nc5 Qxd4
54. Nd7+ Ka7 55. Nf6 Qxb2 56. Qf5 Qe5 57. Qxe5 Bxe5 58. Nxh7 b5 59. g6 b4 60.
axb4 a4 61. f4 Bh8 62. f5 a3 63. f6 a2 64. g7 Bxg7 0-1

[Event "52nd Groningen Open"]
[Site "Groningen NED"]
[Date "2014.12.30"]
[Round "9.18"]
[White "Sreeves, Clement"]
[Black "Popilski, Gil"]
[Result "0-1"]
[BlackTitle "GM"]
[WhiteElo "2284"]
[BlackElo "2522"]
[WhiteFideId "2402564"]
[BlackFideId "2809060"]
[EventDate "2014.12.21"]

1. e4 d6 2. d4 Nf6 3. Nc3 e5 4. Nge2 Nc6 5. h3 g6 6. Be3 Bg7 7. g3 O-O 8. Bg2
Re8 9. O-O exd4 10. Nxd4 Ne5 11. f4 Nc4 12. Bc1 c6 13. Qd3 Qb6 14. Qxc4 Nxe4 15.
Ne2 Be6 16. Qd3 Nc5 17. Qf3 Bd5 18. Qf2 Ne4 19. Bxe4 Rxe4 20. c3 Rae8 21. Re1
Bxd4 22. cxd4 Bc4 23. f5 Rxe2 24. Bh6 Qxb2 25. fxg6 hxg6 26. Qf6 Rg2+ 27. Kh1
Rh2+ 28. Kg1 Qg2# 0-1

[Event "52nd Groningen Open"]
[Site "Groningen NED"]
[Date "2014.12.30"]
[Round "9.19"]
[White "Lobzhanidze, Davit"]
[Black "Wacker, Peter"]
[Result "1/2-1/2"]
[WhiteTitle "IM"]
[BlackTitle "FM"]
[WhiteElo "2433"]
[BlackElo "2305"]
[WhiteFideId "13600796"]
[BlackFideId "4615751"]
[EventDate "2014.12.21"]

1. e4 e5 2. Nf3 Nf6 3. Nxe5 d6 4. Nf3 Nxe4 5. Nc3 Nxc3 6. dxc3 Nc6 7. Be3 Be7 8.
Qd2 Be6 9. Be2 h6 10. O-O-O Bf6 11. Kb1 a6 12. Rhe1 Qd7 13. Nd4 Nxd4 14. Bxd4
Bxd4 15. Qxd4 Rg8 16. Bd3 O-O-O 17. Bh7 c5 18. Qf4 Rge8 19. Bd3 Kb8 20. h4 g5
21. hxg5 hxg5 22. Qxg5 Rg8 23. Qf6 Rxg2 24. c4 Rdg8 25. Be4 R2g4 26. f3 Rg3 27.
b3 Qd8 28. Qf4 Kc7 29. Bd5 R3g6 30. Be4 Rg5 31. Rd2 Rg1 32. Red1 Rxd1+ 33. Rxd1
Qe7 34. Bf5 1/2-1/2

[Event "52nd Groningen Open"]
[Site "Groningen NED"]
[Date "2014.12.30"]
[Round "9.20"]
[White "Simonian, Tigran"]
[Black "Mohammad, Nubairshah Shaikh"]
[Result "1-0"]
[WhiteTitle "IM"]
[WhiteElo "2406"]
[BlackElo "2275"]
[WhiteFideId "13303597"]
[BlackFideId "5053196"]
[EventDate "2014.12.21"]

1. Nf3 c5 2. c4 Nf6 3. Nc3 d5 4. cxd5 Nxd5 5. g3 Nc6 6. Bg2 Nc7 7. d3 e5 8. O-O
Be7 9. Nd2 Bd7 10. Nc4 f6 11. f4 b5 12. Ne3 O-O 13. Ned5 Rb8 14. Be3 Nxd5 15.
Nxd5 Bd6 16. Rc1 Nd4 17. fxe5 fxe5 18. Qd2 Bg4 19. Rxf8+ Bxf8 20. Bxd4 exd4 21.
Rf1 Qd6 22. Rf2 Qe5 23. Qa5 a6 24. Qxa6 Bxe2 25. Qa7 Bh5 26. Be4 Rd8 27. Nf6+
Kh8 28. Rf5 Qe7 29. Qxe7 Bxe7 30. Nxh5 c4 31. Re5 Bf8 32. Rxb5 c3 33. bxc3 dxc3
34. d4 g6 35. Nf4 Rxd4 36. Rb8 Rxe4 37. Rxf8+ Kg7 38. Rc8 Re1+ 39. Kf2 Ra1 40.
Rc7+ Kh6 41. Rxc3 Rxa2+ 42. Ne2 Kg5 43. Kf3 Kf6 44. Rc6+ Ke5 45. Rc7 h5 46. h4
Ra3+ 47. Rc3 Ra5 48. Nf4 Kf5 49. Rd3 Ra6 50. Rd5+ Kf6 51. Rg5 Kf7 52. Rxg6 Rxg6
53. Nxg6 Kxg6 54. Ke4 Kf6 55. Kf4 Kg6 56. Ke5 1-0

[Event "52nd Groningen Open"]
[Site "Groningen NED"]
[Date "2014.12.30"]
[Round "9.21"]
[White "Lomasov, Semen"]
[Black "Kevlishvili, Robby"]
[Result "1/2-1/2"]
[BlackTitle "FM"]
[WhiteElo "2305"]
[BlackElo "2366"]
[WhiteFideId "24164879"]
[BlackFideId "1040634"]
[EventDate "2014.12.21"]

1. e4 c5 2. Nf3 d6 3. Bb5+ Bd7 4. Bxd7+ Qxd7 5. c4 Nc6 6. d4 cxd4 7. Nxd4 Nf6 8.
Nc3 Nxd4 9. Qxd4 g6 10. Bg5 Bg7 11. Nd5 Nh5 12. Qd2 e6 13. Nc3 O-O 14. O-O Rac8
15. Qd3 Qc6 16. b3 f5 17. Rae1 a6 18. Bd2 f4 19. Ne2 Rf7 20. f3 Rd8 21. Bc3 Bxc3
22. Nxc3 Qc5+ 23. Rf2 Qe5 24. Rd2 Rfd7 25. Qd4 Qa5 26. Rb1 Ng7 27. b4 Qc7 28.
Na4 e5 29. Qf2 Ne6 30. Nb6 Rg7 31. Rbd1 g5 32. c5 dxc5 33. Rxd8+ Nxd8 34. Qxc5
Qxc5+ 35. bxc5 Nc6 36. Nc4 Re7 37. Nd6 Rd7 38. Rd5 Kf8 39. Nc4 1/2-1/2

[Event "52nd Groningen Open"]
[Site "Groningen NED"]
[Date "2014.12.30"]
[Round "9.22"]
[White "Savant, Riya"]
[Black "Hoeksema, Hendrik Pieter"]
[Result "1/2-1/2"]
[WhiteTitle "WFM"]
[BlackTitle "IM"]
[WhiteElo "2063"]
[BlackElo "2342"]
[WhiteFideId "5067359"]
[BlackFideId "1000454"]
[EventDate "2014.12.21"]

1. d4 Nf6 2. Nf3 c5 3. c4 e6 4. g3 d5 5. cxd5 exd5 6. Bg2 Nc6 7. O-O Be7 8. Nc3
O-O 9. dxc5 Bxc5 10. Na4 Be7 11. Be3 Ne4 12. Rc1 Bf6 13. Nd4 Qa5 14. a3 Bd7 15.
Nc5 Nxc5 16. Nxc6 bxc6 17. Rxc5 Qa6 18. Qd2 Rfe8 19. Bf3 Rab8 20. Ra5 Qc4 21. b4
d4 22. Bf4 Rb7 23. Rc1 Qe6 24. Rac5 1/2-1/2

[Event "52nd Groningen Open"]
[Site "Groningen NED"]
[Date "2014.12.30"]
[Round "9.23"]
[White "Brzeski, Maciej"]
[Black "Maatman, Nick"]
[Result "1-0"]
[WhiteElo "2332"]
[BlackElo "2226"]
[WhiteFideId "1121537"]
[BlackFideId "1040391"]
[EventDate "2014.12.21"]

1. e4 c5 2. Nc3 Nc6 3. Bb5 e6 4. Bxc6 bxc6 5. d3 Ne7 6. f4 d5 7. Nf3 dxe4 8.
Nxe4 c4 9. dxc4 Qxd1+ 10. Kxd1 Nf5 11. g4 Nd6 12. Nxd6+ Bxd6 13. Ke2 c5 14. Be3
Bb7 15. Rhd1 Be7 16. Rd2 f6 17. Rad1 Kf7 18. h4 Bc6 19. b3 h5 20. g5 Rac8 21.
Kf2 Kg6 22. Kg3 Kf5 23. Bg1 Rhe8 24. Nh2 e5 25. Rf1 exf4+ 26. Rxf4+ Kg6 27. gxf6
Bxf6 28. Nf3 Re6 29. Ng5 Re1 30. Bf2 Ra1 31. Rd6 Rxa2 32. Bxc5 Rxc2 33. Bd4 Rg2+
34. Kh3 Rd2 35. Rfxf6+ gxf6 36. Rxf6+ Kg7 37. Rxc6+ Rxd4 38. Ne6+ 1-0

[Event "52nd Groningen Open"]
[Site "Groningen NED"]
[Date "2014.12.30"]
[Round "9.24"]
[White "Kolbus, Dietmar"]
[Black "Ypma, Peter"]
[Result "1/2-1/2"]
[WhiteTitle "IM"]
[WhiteElo "2317"]
[BlackElo "2223"]
[WhiteFideId "4610628"]
[BlackFideId "1027255"]
[EventDate "2014.12.21"]

1. c4 e5 2. g3 d6 3. d4 Be7 4. Nc3 f5 5. Bg2 Nf6 6. e4 c6 7. dxe5 dxe5 8. Qxd8+
Bxd8 9. Nge2 Na6 10. O-O O-O 11. b3 Bb6 12. Bg5 Nc5 13. Bxf6 Rxf6 14. exf5 Bxf5
15. b4 Nd3 16. c5 Bc7 17. a3 a5 18. Be4 Rd8 19. Bxf5 Rxf5 20. Ne4 Rf7 21. Rab1
axb4 22. axb4 b5 23. Rb3 h6 24. Ra1 Kh7 25. Ra6 Ne1 26. N2c3 Nf3+ 27. Kh1 Rd3
28. Rb2 Nd4 29. Ra7 Kg6 30. Kg2 Bd8 31. Rxf7 Kxf7 32. h4 g5 33. hxg5 Bxg5 34.
Kf1 Bc1 35. Ra2 Ke6 36. Kg2 Kf5 37. Nd6+ Kg6 38. Nde4 Kf5 1/2-1/2

[Event "52nd Groningen Open"]
[Site "Groningen NED"]
[Date "2014.12.30"]
[Round "9.25"]
[White "Warmerdam, Max"]
[Black "Von Meijenfeldt, Bart"]
[Result "1-0"]
[BlackTitle "FM"]
[WhiteElo "2123"]
[BlackElo "2326"]
[WhiteFideId "1048104"]
[BlackFideId "1032259"]
[EventDate "2014.12.21"]

1. e4 e6 2. d4 d5 3. Nc3 Bb4 4. e5 Ne7 5. a3 Bxc3+ 6. bxc3 b6 7. Qg4 Ng6 8. h4
h5 9. Qd1 Ba6 10. Bxa6 Nxa6 11. Ne2 Ne7 12. Bg5 Qd7 13. Nf4 g6 14. Qd3 Nb8 15.
g4 hxg4 16. h5 Nbc6 17. Kd2 O-O-O 18. Bf6 g5 19. Bxh8 Rxh8 20. Ng2 Nf5 21. Ne3
g3 22. Nxf5 exf5 23. fxg3 Na5 24. Raf1 Nc4+ 25. Ke1 f4 26. gxf4 1-0

[Event "52nd Groningen Open"]
[Site "Groningen NED"]
[Date "2014.12.30"]
[Round "9.26"]
[White "Baskin, Robert"]
[Black "Mollema, Thomas"]
[Result "1/2-1/2"]
[WhiteElo "2287"]
[BlackElo "2136"]
[WhiteFideId "24662402"]
[BlackFideId "1034987"]
[EventDate "2014.12.21"]

1. e4 e5 2. Nf3 Nc6 3. Bb5 a6 4. Ba4 Nf6 5. O-O Be7 6. d3 b5 7. Bb3 d6 8. a4 b4
9. a5 Nb8 10. d4 exd4 11. Nxd4 c5 12. Nf5 Bxf5 13. exf5 O-O 14. Qf3 Nbd7 15. Bf4
Ne5 16. Bxe5 dxe5 17. Rd1 e4 18. Qe2 Qc7 19. Nd2 Qf4 20. Nc4 Qxf5 21. Nb6 Rad8
22. Qxa6 c4 23. Qxc4 Ng4 24. Rxd8 1/2-1/2

[Event "52nd Groningen Open"]
[Site "Groningen NED"]
[Date "2014.12.30"]
[Round "9.27"]
[White "Afek, Yochanan"]
[Black "Theulings, Paul-Peter"]
[Result "0-1"]
[WhiteTitle "IM"]
[BlackTitle "CM"]
[WhiteElo "2285"]
[BlackElo "2132"]
[WhiteFideId "2800462"]
[BlackFideId "1002899"]
[EventDate "2014.12.21"]

1. c4 e5 2. g3 Nf6 3. Bg2 Nc6 4. Nc3 Bc5 5. e3 O-O 6. Nge2 d5 7. d4 exd4 8. exd4
Bb4 9. a3 Bxc3+ 10. bxc3 dxc4 11. O-O Nd5 12. Qc2 Nce7 13. a4 c6 14. Ba3 Re8 15.
Rfe1 Bf5 16. Qb2 Qb6 17. Qd2 Qb3 18. Nc1 Qc2 19. Qxc2 Bxc2 20. Ra2 Bf5 21. Rb2
Ng6 22. Rxe8+ Rxe8 23. Bxd5 cxd5 24. Rxb7 h5 25. Rxa7 Bh3 26. f4 Re3 27. Kf2
Rxc3 28. Bb4 Rxc1 29. a5 c3 30. Rc7 Bf1 31. Ba3 Ra1 32. Rxc3 Bc4 33. Re3 Nf8 34.
f5 Nd7 35. Bb4 Nf6 36. Re7 Ng4+ 37. Kf3 Rf1+ 38. Kg2 Rf2+ 39. Kg1 Rxh2 0-1

[Event "52nd Groningen Open"]
[Site "Groningen NED"]
[Date "2014.12.30"]
[Round "9.28"]
[White "Van Osch, Mees"]
[Black "Dijkhuis, Sven"]
[Result "1-0"]
[WhiteElo "2261"]
[BlackElo "2126"]
[WhiteFideId "1035967"]
[BlackFideId "1036556"]
[EventDate "2014.12.21"]

1. e4 c5 2. Nf3 e6 3. d4 cxd4 4. Nxd4 Nc6 5. Nc3 Qc7 6. f4 a6 7. Nxc6 Qxc6 8.
Be2 b5 9. Bf3 Bb7 10. a3 Rc8 11. Qe2 Bc5 12. Be3 Bxe3 13. Qxe3 Ne7 14. O-O O-O
15. Rad1 Qc7 16. Rf2 Rfd8 17. Rfd2 d5 18. exd5 Nxd5 19. Nxd5 Bxd5 20. Bxd5 Rxd5
21. Rxd5 exd5 22. c3 Qd6 23. Qe5 Qxe5 24. fxe5 Rd8 25. Kf2 Kf8 26. Ke3 Ke7 27.
Kd4 Rc8 28. Ra1 Ke6 29. b3 Rb8 30. Ra2 a5 31. Kc5 Rc8+ 32. Kxb5 Rxc3 33. Rb2 d4
34. Kxa5 d3 35. a4 Rc2 36. Rb1 d2 37. Rd1 Kxe5 38. b4 Kd4 39. b5 Kc5 40. Ka6 Kb4
41. b6 Ra2 42. Rb1+ Ka3 43. b7 Rb2 44. Ra1+ Ra2 45. b8=Q Rxa1 46. Qd6+ 1-0

[Event "52nd Groningen Open"]
[Site "Groningen NED"]
[Date "2014.12.30"]
[Round "9.29"]
[White "Minko, Vladimir"]
[Black "Boersma, Jan"]
[Result "1-0"]
[WhiteTitle "FM"]
[WhiteElo "2215"]
[BlackElo "2119"]
[WhiteFideId "24146706"]
[BlackFideId "1003267"]
[EventDate "2014.12.21"]

1. d4 Nf6 2. c4 g6 3. g3 c5 4. Nf3 Bg7 5. Bg2 O-O 6. O-O cxd4 7. Nxd4 Nc6 8. Nc3
d6 9. Nxc6 bxc6 10. Bxc6 Bh3 11. Bg2 Qd7 12. Qd3 Rfc8 13. Bxa8 Bxf1 14. Kxf1
Rxa8 15. f3 Rc8 16. Be3 Qh3+ 17. Kg1 Nd7 18. b3 h5 19. Rc1 h4 20. Bf2 hxg3 21.
hxg3 Be5 22. f4 Bxc3 23. Qxc3 Nf6 24. Qf3 Ng4 25. Qg2 Qh5 26. Rf1 a6 27. Qh1 Qa5
28. Qb7 Re8 29. Bd4 Qf5 30. Kg2 Qc2 31. Qf3 Qd2 32. Qd3 Qa5 33. f5 g5 34. Qe4
Ne5 35. Bxe5 dxe5 36. Qg4 Qb6 37. Qxg5+ Kf8 38. Rh1 Qc6+ 39. Kg1 Qb6+ 40. e3 Qf6
41. Qxf6 1-0